=LDR 00000nam 2200000 4500 =001 NUTBA000000000002619 =005 20140623113121.0 =006 =007 =008 =020 ##$$a 978-979-29-2251-4 =035 ##$$a 0010-061400000000562 =040 ##$$a NBPDMAT =082 ##$$a 650.1 =090 ##$$a 650.1 $b Dea u =100 ##$$a Deasy Midiasari =245 ##$$a Untung besar dari herbal kemasan / $c Deasy Widyasari ; editor, Martha Nina K =260 ##$$a Yogyakarta $b Gramedia, $c 2011 =300 ##$$a viii, 162 hlm. : $b ilus. ; $c 21 cm. =650 ##$$a Bisnis =990 ##$$a 21402022